| 000 | 00356nam a2200145Ia 4500 | ||
|---|---|---|---|
| 008 | 240624s9999 xx 000 0 und d | ||
| 041 | _aeng | ||
| 082 | _a300.072 BEL | ||
| 100 | _aBELL EMMA | ||
| 245 | _aQUALITATIVE RESEARCH IN BUSINESS AND MAN | ||
| 260 |
_c2015 _aNew Delhi _bSage |
||
| 300 | _aliv, 451 p.; 23 cm. | ||
| 365 |
_cBPS _b38 |
||
| 440 | _v4 | ||
| 999 |
_c31018 _d31018 |
||